000 02210nam a2200397 i 4500
001 193281
003 SpMaBN
005 20250825062730.0
007 ta
008 220810s2021 sp | |||| 000 0bspa
017 _aV 3358-2021
_bOficina Depósito Legal Valencia
020 _a9788418756399
035 _aa7151712
040 _aSpMaBN
_bspa
_cSpMaBN
_erda
080 _a929 García Camarero, Ernesto (047.53)
100 1 _aMacías, Luz
_eaut
_9145842
245 1 3 _aUn científico humanista :
_bconversando con Ernesto García Camarero /
_cLuz Macías
264 1 _a[Valencia]
_bCuadranta,
_c[2021]
300 _a137 páginas ;
_c22 cm
336 _aTexto
_2rdacontent
337 _asin mediación
_2rdamedia
338 _avolumen
_2rdacarrier
504 _aBibliografía de Ernesto García Camarero: páginas 105-135
520 _aBiografía de Ernesto García Camarero nacida a raíz de las conversaciones que tuvieron lugar entre él y la autora, Luz Macías. Del prólogo de la autora: «Lo que este sabio y otros como él, anteriores y contemporáneos, han aportado a la ciencia matemática e informática ha dotado a los científicos clínicos de las herramientas necesarias (por ejemplo, los algoritmos para su formulación o la imprescindible intercomunicación global de conocimientos) para poner a disposición de la humanidad, en tan corto plazo de tiempo, las vacunas que contribuirán a que esta pandemia no se lleve por delante a entre cincuenta y cien millones de personas, como hizo la de 1918.»
600 1 0 _aGarcía Camarero, Ernesto,
_vEntrevistas
_2embne
_9234413
_d1932-2022-
655 0 _aBiografías
_9176647
655 0 _aEntrevistas
_2tgfbne
_9234232
700 1 _aGarcía Camarero, Ernesto,
_d1932-2022
_eive
_954320
852 _aES-MaACL
_bR. 154685
_cDEPOJ
_9200712
_xEncuadernación rústica con solapas
_hDonación: Luz Macías
_jN-9459
903 _aMacías, Luz
_ednr
_9145842
942 _n0
_cMONOGRAFIA
999 _c193281
_d193281